| 000 | 00805nam a2200253 i 4500 | ||
|---|---|---|---|
| 001 | 78274 | ||
| 003 | ES-MaACL | ||
| 005 | 20230906173636.0 | ||
| 007 | t| | ||
| 008 | 041013s1944 sp |||| | spa d | ||
| 100 | 1 |
_aNovalis. _986059 |
|
| 245 | 1 | 0 |
_aDiario íntimo _b; Himnos a la noche ; Canciones espirituales ; Cartas / _cNovalis (seud) ; [traducción de A. Peris-Villacampa ; ilustraciones de Manuel Benet]. |
| 260 |
_aValencia : _bHorizontes, _c[1944] ( _fTip. Moderna) |
||
| 300 |
_a221 p., 1 lám. ; _c20 cm. |
||
| 490 | 1 | _aBoreal | |
| 700 | 1 |
_aPeris-Villacampa, A. _991280 |
|
| 700 | 1 |
_aBenet, Manuel. _927542 |
|
| 740 | 0 | 2 | _aHimnos a la noche. |
| 740 | 0 | 2 | _aCanciones espirituales. |
| 740 | 0 | 2 | _aCartas. |
| 830 | 0 |
_aBoreal _9182385 |
|
| 852 |
_aES-MaACL _jB-3302 |
||
| 999 |
_c78274 _d78274 |
||